000 01319cam a22003974i 4500
003 PE-LiUPU
005 20250731184116.0
008 150616s r 000 0 d
020 _a9506140499
035 _a(Sirsi) i9789506140496
040 _aPE-LiUPU
_bspa
_cPE-LiUPU
_erda
049 _aPRUA
082 0 4 _a808.8
_bS47
_221
100 1 _aShólojov, Mijail,
_eautor.
245 1 0 _aLucharon por la patria.
264 1 _aBuenos Aires :
_bHyspamérica Ediciones Argentina,
_c1983.
300 _a222 páginas ;
_c20 cm.
336 _atext
_2rdacontent
337 _aunmediated
_2rdamedia
338 _avolume
_2rdacarrier
490 0 _aLos Premios Nobel ;
_v17
505 0 _aLucharon por la patria.
526 _aP145
526 _aP127
526 _aP97
526 _aP14
526 _aP07
650 0 4 _aLITERATURA CLASICA.
910 _ajck
_bjvq
_cjck
942 _2ddc
_cBOOK
949 _a808.8 S47
_wDEWEY
_c1
_i24622
_lCCODEBUL1
_mBUL
_r0
_sY
_tBOOK
_u2015-6-16
_xEDUCACION
_PP20
_0COMPRA
_o.STAFF. Colección General
994 _aC0
_bPEPRU
596 _a1
999 _a808.8 S47
_wDEWEY
_c52351
_i24622
_f2021-11-5
_g5
_lCCODEBUL1
_mBUL
_r0
_sY
_tBOOK
_u2015-6-16
_xBIBLIOTECA
_PP20
_0COMPRA
_o.STAFF. Colección General
_d52351
980 _81
_gALBERTO SANCHEZ Responsable de Automatización